000 00365pam a2200157a 44500
008 230515b1981 xxu||||| |||| 00| 0 eng d
020 _aNULL
041 _aENGL
082 _a621.395/ EVA.
100 _aEVANS A.D.
245 _aDESIGNING WITH FIELD-EFFECTS TRANSISTORS
250 _aN.D.
260 _aNULL
_bMc. G
_c1981
300 _a293 HB
650 _aNULL
999 _c633119
_d633119